000 00556nam a22002177a 4500
001 0153
003 DO-SdBNP
005 20151126093316.0
007 0153
008 151005b1975 gt 00| 0 spa d
040 _aBPMSU
_bspa
_cBPMSU
092 _aXXXX
_bXXXX
100 _aBaldor, Aurelio
245 1 0 _aAritmética
_cAurelio Baldor
_bteorico - práctica /
260 _aGuatemala :
_bCultural centroamericana,
_c1975.
300 _a639 p. :
_bil.
_c23 cm.
521 1 _aA partir de los 12 años
910 _a202
942 _2ddc
_cBK
956 _aYngrid Lockward
999 _c8923
_d8923